[Pauliny-Tóth, Viliam]

Zobrazenie: Podobizeň spisovateľa, novinára, redaktora, politického a kultúrnoosvetového činiteľa, podpredsedu Matice slovenskej Viliama Paulinyho-Tótha (3.6.1826 Senica - 6.5.1877 Martin).

Podrobná bibliografia
Ďalší autori: Simonyi (Fotograf)
Médium: Fotografia
Jazyk:maďarčina
Fyzický popis:1 fotografia v hnedom tóne 11 x7 cm
Vydavateľské údaje: [S.l. s.n. s.a.]
Predmet:

MARC

LEADER 00000nkmaa2200000 a 4500
001 vtls011976247
003 SK-MaSNL
005 20260331211826.0
007 kh ao
008 230802n hu | |||0 k|hun
035 |a urn:nbn:sk:snk-km00ejgk 
035 |a urn:nbn:sk:snk-km45w19 
035 |a 34D92CD5-5C95-41BF-A54D-1C74961E6E02 
040 |a SNKLA  |b slo  |c SNKLA  |e AACR2 
041 0 |a hun 
044 |a hu  |c HU 
100 1 |a Simonyi  |4 pht  |9 565134 
245 1 0 |a [Pauliny-Tóth, Viliam]  |h grafika 
260 |a [S.l.  |b s.n.  |c s.a.] 
300 |a 1 fotografia  |b v hnedom tóne  |c 11 x7 cm 
520 2 |a Zobrazenie: Podobizeň spisovateľa, novinára, redaktora, politického a kultúrnoosvetového činiteľa, podpredsedu Matice slovenskej Viliama Paulinyho-Tótha (3.6.1826 Senica - 6.5.1877 Martin). 
600 1 7 |a Pauliny-Tóth, Viliam,  |d 1826-1877  |2 SNKMA  |9 37125 
655 7 |a portrétne fotografie  |2 SNKPH  |9 305796 
852 |a Slovenská národná knižnica  |b Literárny archív 
852 7 |a Slovenská národná knižnica v Martine  |b Literárny archív 
958 |a ZO 
958 |a BLA 
999 |c 866608  |d 868538 
952 |a SNKLA  |b SNKLA  |c SNKLA_DEP  |y NEVYP  |7 0  |p 17A1311067  |o snkSP 13/96  |i snkLA 1205/1975  |0 0  |1 0  |4 0  |d 2020-06-24  |f 1  |l 0  |r 2026-02-24 05:29:42  |w 2026-02-24